|
|
|
|
| LEADER |
00000nam a2200000Ia 4500 |
| 008 |
180517b2002 CR ||||| |||| 00| | spa d |
| 999 |
|
|
|c 1888
|d 1888
|
| 090 |
|
|
|a 06.03.07
|b 405
|
| 100 |
1 |
|
|9 737
|a Polanco Hernández, Ana
|e Compilador/a
|
| 245 |
1 |
0 |
|a Taller : construyendo estrategias para favorecer procesos de pensamiento científico de niños de educación inicial /
|c Ana Polanco; Patricia Rojas, compiladoras
|
| 260 |
|
|
|a San José, Costa Rica :
|b IIMEC; CENADI,
|c 2002
|
| 300 |
|
|
|a 82 páginas
|
| 500 |
|
|
|a En la portada: Capacitación y actualización de docentes convenio MEP-UCR
|
| 650 |
1 |
4 |
|a ENSEÑANZA DE LAS CIENCIAS
|9 996
|
| 650 |
1 |
4 |
|a EDUCACIÓN PREESCOLAR
|9 455
|
| 700 |
1 |
|
|a Rojas Núñez, Patricia
|9 738
|e Compilador/a
|
| 942 |
|
|
|i 00619 ,00621
|h 06.03.07 405
|2 z
|c 04
|